000 00684nam a2200277Ia 4500
005 20260324130637.0
008 008 260324s9999 xx 000 0 eng d
020 _a9780203961674
037 _aEBOOK
040 _aCRL
040 _beng
040 _cCRL
041 _2eng
041 _aeng
084 _qCRL
100 _aGwyneth Owen-Jackson
_91182552
245 2 _aA Practical Guide to Teaching Design and Technology in the Secondary School
260 _bTaylor and Francis
260 _c2007
365 _a
365 _b230
856 _uhttp://www.taylorfrancis.com/books/9780203961674
942 _cEBOOK
999 _c1778901
_d1778901